|
|
|
|
| LEADER |
00000cam a2200000 7i4500 |
| 001 |
0000242521 |
| 005 |
20210809191404.0 |
| 006 |
a ###g ### |
| 007 |
t |
| 008 |
210719t g eng |
| 020 |
|
|
|a 9780062897947
|
| 040 |
|
|
|a MBPJ
|b eng
|c MBPJ
|e rda
|
| 090 |
0 |
0 |
|a 500
|b LAS
|
| 245 |
1 |
4 |
|a The last unknowns
|c edited by JOHN BROCKMAN
|
| 250 |
|
|
|a First edition
|
| 264 |
|
1 |
|a New York :
|b William Marrow
|c [2019]
|
| 264 |
|
4 |
|c ©2019
|
| 336 |
|
|
|a text
|2 rdacontent
|
| 337 |
|
|
|a unmediated
|2 rdamedia
|
| 338 |
|
|
|a volume
|2 rdacarrier
|
| 650 |
|
0 |
|a Questions and answers
|
| 650 |
|
0 |
|a Science
|v Miscellanea
|
| 700 |
1 |
|
|a Brockman, John
|
| 999 |
|
|
|a 00380756
|b BUKU
|c PINJAMAN
|e PERPUSTAKAAN KOMUNITI CAW BANDAR UTAMA
|